书目信息 |
| 书名: | THE RUNNING OF THE BULLS | |
| 作者: | NICOLE RIDGWAY | |
| 分册号: | ||
| 分册名: | 出版地: | AMERICA |
|
| 出版社: | GOTHAM BOOKS | |
| 出版时间: | 2005 | |
| 页数: | 283P | |
| 开本: | 24CM | |
| 丛书名: | ||
| 中图分类号: | ||
| 科图分类号: | ||
| 其他分类号: | K892.1 | |
| 主题词: | ||
| 电子资源: | ||
| 000 | 00392nam0 2200145 450 | |
| 001 | 202012002307 | |
| 005 | 20121126142623.0 | |
| 008 | 12112601s | |
| 020 | @a9781592401253@bHARD@c$25.00 | |
| 099 | @dK892.1@eN642 | |
| 245 | 10 | @aTHE RUNNING OF THE BULLS@cNICOLE RIDGWAY |
| 260 | 0 | @aAMERICA@bGOTHAM BOOKS@c2005 |
| 300 | @a283P@c24CM | |
| 905 | @b12575 | |
| 905 | @aTSG@dK892.1@eN642 | |
| THE RUNNING OF THE BULLS / NICOLE RIDGWAY.-AMERICA : GOTHAM BOOKS , 2005 |
| 283P ; 24CM |
| ISBN 9781592401253HARD$25.00 |
| ● |
| 相关链接 |
|
|
|
正题名:THE RUNNING OF THE BULLS
索取号:K892.1/N642
 
预约/预借
| 序号 | 登录号 | 条形码 | 馆藏地/架位号 | 状态 | 备注 |
| 1 | 12575 | 300125754 | 社科库309/309社科库 999排2列1层/ [索取号:K892.1/N642] | 在馆 |